Figure Out the Lyrics: Christmas Carol Quiz Stats

Quiz Updated Jun 10, 2015

Challenge
Share
Tweet
Embed
Score 0/90 Timer 04:00
2 Plays Today
% Correct
the
90%
the
90%
the
90%
the
90%
is
86.3%
is
86.3%
is
86.3%
is
86.3%
and
83.5%
and
83.5%
Christ
83.3%
Christ
83.3%
in
82.7%
in
82.7%
holy
78.4%
holy
78.4%
holy
78.4%
holy
78.4%
holy
78.4%
night
78.1%
night
78.1%
night
78.1%
night
78.1%
night
78.1%
night
78.1%
all
76.7%
all
76.7%
Silent
75.2%
Silent
75.2%
Silent
75.2%
% Correct
so
74.5%
Child
73.5%
bright
72.2%
heaven
71.7%
Mother
71.1%
calm
70.7%
peace
70.7%
peace
70.7%
Sleep
70.5%
Sleep
70.5%
heavenly
69.9%
heavenly
69.9%
heavenly
69.9%
Virgin
69.5%
tender
67.9%
mild
67.6%
infant
67.2%
Round
66.9%
born
66.3%
born
66.3%
Savior
63.7%
yon
63.6%
Savior
62%
at
53.9%
at
53.9%
at
53.9%
of
51.3%
of
51.3%
Jesus
47.8%
Jesus
47.8%
% Correct
Lord
47.2%
Lord
47.2%
sight
45.3%
Shepherds
44.2%
God
43.5%
sing
42.4%
quake
39.4%
from
38.6%
from
38.6%
light
35.8%
thy
34.7%
Son
34.4%
thy
33.8%
thy
33.8%
birth
32.8%
birth.
32.8%
hosts
32.7%
Hallelujah
32.2%
with
26.7%
loves
26.5%
pure
25.9%
afar
25.5%
face
25.1%
grace
24.8%
stream
24.1%
redeeming
23.1%
beams
22.6%
radiant
22.1%
Dawn
21.6%
Glories
18%

You're not logged in!

Compare scores with friends on all Sporcle quizzes.
Sign Up with Email
OR
Log In

You Might Also Like...

Show Comments

Extras

Top Quizzes Today


Score Distribution

Your Account Isn't Verified!

In order to create a playlist on Sporcle, you need to verify the email address you used during registration. Go to your Sporcle Settings to finish the process.